| 000 | 00668nam a2200241 a 4500 | ||
|---|---|---|---|
| 001 | 18469 | ||
| 003 | BD-RjUL | ||
| 005 | 20211209000305.0 | ||
| 008 | 140220t1958 enkh 000 0 eng d | ||
| 035 | _aoxf98310182 | ||
| 035 | _a(BD-RjUL)18527 | ||
| 040 |
_aCLE _cCLE _dm.c _dEQO _dBD-RjUL _beng |
||
| 041 | _aeng | ||
| 082 |
_a822.33 _bSEC 1958 |
||
| 245 | 1 | 4 | _aThe second part of the history of Henry IV / |
| 260 |
_aCambridge : _bCambridge University Press, _c1958 |
||
| 300 |
_a130 p. ; _c18 cm. |
||
| 490 | 0 | _aThe works of Shakespeare | |
| 700 | 1 |
_aWilson, John Dover. _9242258 |
|
| 942 |
_2ddc _cBK |
||
| 999 |
_c18469 _d18469 |
||